La vida. En búsqueda de la libertad.

Na minha lista:
Detalhes bibliográficos
Autor principal: Comblin, José (autor)
Formato: Livro
Idioma:espanhol
Publicado em: Santiago, Chile: Juan Subercaseaux Amenábar, 2008.
Assuntos:
Tags: Adicionar Tag
Sem tags, seja o primeiro a adicionar uma tag!

MARC

LEADER 00000cam a2200000 a 4500
001 UCC6484
003 CL-VaPUC
005 20230929100343.0
008 181213e20080000cl |||||||||||||||||spa|d
999 |c 373425  |d 373423 
040 |c Pontificia Universidad Católica de Valparaíso 
082 0 4 |a 261.8 COM 2008  |2 21 
100 |a Comblin, José  |e autor  |9 399888 
245 1 3 |a La vida.  |b En búsqueda de la libertad. 
260 |a Santiago, Chile:  |b Juan Subercaseaux Amenábar,  |c 2008. 
300 |a 203 páginas.  
500 |a c.2 Donación Sr. Jorge Precht Pizarro. 26-05-23. Biblioteca Teología. 
583 |a last modification  |c 20181213 14:55:00  |k Rodrigo Vera 
650 0 |a Teología social  |9 326726  |x Cristianismo  |x Problemas sociales 
650 0 |a Espíritu Santo   |9 313347  |v Enseñanzas de la Biblia  
942 |c BK  |2 ddc 
945 |d 20181213 14:55:00  |a dcastane 
952 |0 0  |1 0  |3 erb  |4 0  |6 261_800000000000000_COM_2008  |7 0  |8 A  |9 491526  |a BIBTEO  |b BIBTEO  |e Precht Pizarro, Jorge Enrique  |i 5520355  |l 1  |o 261.8 COM 2008  |p 5520355  |r 2025-04-02  |s 2025-04-02  |w 2019-11-24  |y BK  |z Catalogado en:20181213  |k ICR 
952 |0 0  |1 0  |2 ddc  |4 0  |6 261_800000000000000_COM_2008  |7 0  |8 A  |9 591749  |a BIBTEO  |b BIBTEO  |d 2023-09-28  |e Donación   |i 5658842  |o 261.8 COM 2008  |p 5658842  |r 2025-01-17  |t 2  |w 2023-09-28  |y BK  |k ICR